1865 1105 1001 1641 1147 1617 1451 1264 1136 1889 1739 1032 1629 1822 1751 1083 1584 1913 1181 1118 1405 1221 1226 1145 1205 1882 1730 1834 1169 1869 1814 1536 1141 1983 1001 1652 1837 1264 1359 1425 1443 1507 1220 1531 1997 1310 1352 1208 1294 1816 1292 1703 1340 1190 1376 1262 1923 1992 1111 1533 1924 1919 1691 1769 1317 1281 1052 1738 1952 1091 1545 1147 1123 1610 1662 1343 1988 1862 1388 1663 1214 1315 1929 1659 1982 1208 1104 1994 1494 1462 1748 1742 1067 1413 1233 1161 1020 1715 1530 BCNSPRNW ULIB Ver.6.0+V

เปลี่ยนเป็นภาษาไทย

Change to English
 แสดงรายละเอียดบรรณานุกรม
  กลับหน้าหลัก

Brief Record : Get Marc (ISO 2709) : E-mail record : QR code < ปิดหน้าต่าง
LEADER : 00000nam 2200000 a 4500
001    13399113823
003     ULIB
008    981102s1997 us a 001 0 eng d
020    ^a0763704040
060  4 ^aWY100^bH434
245 00 ^aHealth policy and nursing :^bcrisis and reform in the U.S.
250    ^a2nd ed
260    ^aBoston :^bJones and Bartlett,^cc1997
300    ^axiv, 526 p. :^bill. ;^c24 cm
504    ^aIncludes bibliographical references and index
650  2 ^aDelivery of Health Care^zUnited Staties
650  2 ^aHealth Policy^zUnited States
650  2 ^aNursing Care^zUnited States
700 1  ^aHarrington, Charlene,^eed
700 1  ^aEstes, Carroll L,^eed
945    ^p0^l0^i030900
949    ^aเกษร
999 ^a ใช้งานได้ทุกระบบ
รายการนี้ยังไม่มีแท็ก
คุณยังไม่ได้ล็อกอิน คุณสามารถมีกิจกรรมร่วมกับเว็บไซต์ได้ แต่ต้องล็อกอินก่อน ::
  ล็อกอิน

รายการสื่อสารสนเทศ

ลำดับที่ ประเภท เลขเรียก/บาร์โค้ด สถานที่ สถานะ
- ไม่พบข้อมูล -

BibComment


ยังไม่เคยถูกคอมเมนท์

คอมเมนท์ทรัพยากรรายการนี้
  คอมเมนท์: Health policy an..


 Copyright 2026. Bcnsprnw @Library